Breaking ground : (Record no. 138320)

MARC details
000 -LEADER
fixed length control field 00633nam a22001937a 4500
005 - DATE AND TIME OF LATEST TRANSACTION
control field 20250613110133.0
010 ## - LCCN (DPL NO)
LC control number ENG-117517 ENG-145343
020 ## - INTERNATIONAL STANDARD BOOK NUMBER
International Standard Book Number 9788123765976
Terms of availability 305.00
035 ## - SYSTEM CONTROL NUMBER
System control number EN-101049
035 ## - SYSTEM CONTROL NUMBER
System control number EN-128875
037 ## - SOURCE OF ACQUISITION
Source of stock number/acquisition DBAD/PUB
082 ## - DEWEY DECIMAL CLASSIFICATION NUMBER
Classification number 070.92
100 ## - MAIN ENTRY--PERSONAL NAME
Personal name Chhabra, Rami
245 ## - TITLE STATEMENT
Title Breaking ground :
Statement of responsibility, etc by Rami Chhabra
Remainder of title journey into the media and... out /
260 ## - PUBLICATION, DISTRIBUTION, ETC. (IMPRINT)
Place of publication, distribution, etc New Delhi
Name of publisher, distributor, etc National Book Trust
Date of publication, distribution, etc 2012
270 ## - ADDRESS
Address Nehru Bhawan, 5 Institutional Area Phase-II Vasant Kunj
City New Delhi
Postal code 110070
300 ## - PHYSICAL DESCRIPTION
Extent xvi,469p.:
Other physical details 24cm(pbk)
Dimensions ill
942 ## - ADDED ENTRY ELEMENTS (KOHA)
Source of classification or shelving scheme Dewey Decimal Classification
Item type English Books
Classification part 070.92
Call number suffix CHH
Holdings
Withdrawn status Lost status Not for loan Collection code Home library Current library Date acquired Source of acquisition Cost, normal purchase price Full call number Barcode Copy number Cost, replacement price Koha item type
    Not For Loan Non-fiction D.B.Act.Division Bawana 17/03/2017 DBAD/PUB 305.00 070.92 CHH EN-101049 1 305.00 English Books
      Non-fiction RC3 Shakur Pur RC3 Shakur Pur 13/06/2025 Delivery of Books Act Division 305.00 070.92 CHH EN-128875 1 305.00 English Books

© Delhi Public Library
Hit Counter
free hit counter